000 00637nam a2200241 a 4500
001 nice12345678
003 IN_TiNIC
005 20260116013116.0
008 050524s1995 pria grp 000 0 eng
020 _a069106X
_c2025
082 0 0 _a305.420962
_bBAD
100 _aBadran, Margot
245 _aFeminist, Islam, and Nation; Gender and the Making of Modern Egypt
260 _aPrinceton
_bPrinceton University Press
_c1995
300 _a352p
500 _aincludes index and biblioraphy
505 2 _aIndex
650 _aWomen-Egypt
700 1 _aBadran, Margot
902 _bSRS
942 _cBK
999 _c9686
_d9686